Stolicę Europy - Statystyki

Ogólne statystyki
  • Ten quiz został rozwiązany 22 razy
  • Średni wynik to 33 z 52
Statystyki odpowiedzi
Państwo/Brytyjskie.P Stolica % Poprawnych
Niemcy Berlin
100%
Czechy Praga
100%
Grecja Ateny
88%
Belgia Bruksela
88%
Węgry Budapeszt
88%
Luksemburg Luksemburg
88%
Chorwacja Zagrzeb
88%
Rumunia Bukareszt
82%
Polska Warszawa
82%
Andora Andora
76%
Wielka Brytania Londyn
76%
Anglia Londyn
76%
Norwegia Oslo
76%
Albania Tirana
76%
Watykan Watykan
76%
Słowacja Bratysława
71%
Irlandia Dublin
71%
Ukraina Kijów
71%
Dania Kopenhaga
71%
Hiszpania Madryt
71%
Francja Paryż
71%
Łotwa Ryga
71%
Włochy Rzym
71%
San Marino San Marino
71%
Bośnia & Hercegowina Sarajewo
71%
Austria Wiedeń
71%
Litwa Wilno
71%
Szwajcaria Berno
65%
Portugalia Lizbona
65%
Białoruś Mińsk
65%
Monako Monako
65%
Czarnogóra Podgorica
65%
Kosowo Prisztina
65%
Islandia Reykjavik
65%
Finlandia Helsinki
59%
Słowenia Lublana
59%
Bułgaria Sofia
59%
Szwecja Sztokholm
59%
Estonia Tallinn
59%
Liechtenstein Vaduz
59%
Mołdawia Kiszyniów
53%
Macedonia Północna Skopje
53%
Serbia Belgrad
47%
Cypr Nikozja
47%
Szkocja Edynburg
41%
Malta Valeta
35%
Turcja Ankara
29%
Walia Cardiff
18%
Naddniestrze Tyraspol
18%
Niderlandia Amsterdam,Haga
12%
Cypr Północny Nikozja Północna
12%
Północna Irlandia Belfast
6%
Nie znaleziono quizów pasujących do podanych kryteriów
Rozkład punktacji
Procent ludzi z każdym wynikiem
Percentyl według liczby udzielonych odpowiedzi
Twoja historia wyników
Nie rozwiązałeś tego quizu